Quantum Mechanics (Record no. 530937)
[ view plain ]
| 000 -LEADER | |
|---|---|
| fixed length control field | 00323nam a2200133Ia 4500 |
| 008 - FIXED-LENGTH DATA ELEMENTS--GENERAL INFORMATION | |
| fixed length control field | 191014s9999 xx 000 0 und d |
| 020 ## - INTERNATIONAL STANDARD BOOK NUMBER | |
| International Standard Book Number | LC 55-6170 |
| 082 ## - DEWEY DECIMAL CLASSIFICATION NUMBER | |
| Classification number | 530.12 |
| Author Mark | SCH |
| 100 ## - MAIN ENTRY--PERSONAL NAME | |
| Personal name | Leonard I.Schiff |
| 9 (RLIN) | 20360 |
| 245 #0 - TITLE STATEMENT | |
| Title | Quantum Mechanics |
| 260 ## - PUBLICATION, DISTRIBUTION, ETC. | |
| Place of publication, distribution, etc. | USA |
| Name of publisher, distributor, etc. | Mc Graw Hill |
| Date of publication, distribution, etc. | 1955 |
| 300 ## - PHYSICAL DESCRIPTION | |
| Extent | Xii,417 |
| 942 ## - ADDED ENTRY ELEMENTS (KOHA) | |
| Koha item type | Book |
| Withdrawn status | Lost status | Damaged status | Not for loan | Permanent Location | Current Location | Date acquired | Source of acquisition | Cost, normal purchase price | Total Checkouts | Full call number | Barcode | Date last seen | Price effective from | Koha item type |
|---|---|---|---|---|---|---|---|---|---|---|---|---|---|---|
| School of Natural Sciences (SNS) | School of Natural Sciences (SNS) | 10/15/2019 | Donation | 0.00 | 530.12SCH | SNS0002714 | 10/15/2019 | 10/15/2019 | Book |
